Normal view
MARC view
- Feedback (Psychology)
Entry Topical Term
001 - CONTROL NUMBER
- control field: 9159
003 - CONTROL NUMBER IDENTIFIER
- control field: OSt
005 - DATE AND TIME OF LATEST TRANSACTION
- control field: 20200206110011.0
008 - FIXED-LENGTH DATA ELEMENTS
- fixed length control field: 200206|| aca||aabn | a|a d
040 ## - CATALOGING SOURCE
- Original cataloging agency: OSt
- Transcribing agency: OSt
150 ## - HEADING--TOPICAL TERM
- Topical term or geographic name entry element: Feedback (Psychology)
670 ## - SOURCE DATA FOUND
- Source citation: Work cat.: (OSt): Lepsinger, Richard, 1948- 9158, The art and science of 360-degree feedback, c2009.

PORTAL AKMAL
E-MEL JKDM
AKMAL2U
G-BAM
u-PUSTAKA